000 00855nam a2200217Ii 4500
003 JO-AjNU
008 230605s9999||||xx |||||||||||||| ||und||
040 _aJO-AjNU
_bara
_erda
_cJO-AjNU
041 _aara
050 1 4 _aB2430.M379.V512.1987
100 3 _aميرلو-بونتي،موريس ، لوفور،كلود/اعداد ، خضر،سعاد محمد/ترجمة وتعليق ، داغر،نقولا/مراجعة ,
_eauthor
_913366
245 0 0 _aالمرئي واللامرئي متبوعا بملاحظات العمل
250 _aط1
264 3 1 _aبغداد:دار الشؤون الثقافية العامة ،1987
300 _a281ص
336 _atext
_btxt
_2rdacontent
337 _aunmediated
_bn
_2rdamedia
338 _avolume
_bnc
_2rdacarrier
490 0 _aسلسلة المائة كتاب
650 4 _aوجودية-فلسفة
_913367
999 _aA3310
_c6878
_d6878